00245nam a2200097Ia 4500008004100000100002700041245001900068260004000087300000800127650001200135190216s9999||||xx |||||||||||||| ||und|| aThunjathu Ezhuthachan 0aBheeshmaparvam b"House Of Knowledge, Trichur"c1967 a86p aKavitha